Responses for show #3652 - Tuesday, June 20, 2000

Contestants

[<< previous game]

Glen Stevens, an assistant principal from Cottage Grove, Minnesota

Mimi Collins, an assistant professor from Marlborough, Massachusetts

Gregg Fanselau, a paralegal originally from Denver, Colorado (whose 2-day cash winnings total $29,200)

[next game >>]

Jeopardy! Round responses

BODIES OF WATER
COMMUNITY COLLEGES
IN THE PAST MILLENNIUM
SOURCES OF CALCIUM
(Alex: Picks your body up!)
PRO BASKETBALL
PRESIDENTIAL RHYME TIME
    $100 1
Hudson Bay

Gregg
    $100 13
Hawaii

Mimi
    $100 21
1776

Gregg
    $100 26
Tums

Glen
    $100 11
Kareem Abdul-Jabbar & Magic Johnson

Glen
    $100 3
Ford's swords

Gregg
    $200 2
Victoria Falls

Mimi
    $200 15
Pikes Peak Community College

Gregg
    $200 22
Normans

Glen
    $200 27
Bones

Gregg
    $200 12
Julius Erving

Gregg
    $200 7
Grant's pants

Gregg
    $300 4
Gulf of Riga

Gregg
    $300 16
Florida

Gregg
    $300 23
Photograph

Gregg
    $300 28
Tofu

Mimi
    $300 14
Chicago Bulls

Gregg
    $300 8
Dick's picks

Gregg
    $400 5
Indian Ocean

Gregg
    $400 17
Dearborn

Gregg
    $400 24
(Glen: Who is Galileo?)

Copernicus

GreggGlen
    $400 29
(Glen: What is an avocado?)

Papaya

Glen
Triple Stumper
    $600 19
New Jersey Nets

Glen
    $400 9
Hoover's movers

Mimi
    $500 6
(Glen: What is El Dorado?)

Silver

GreggGlen
    $500 18
North Carolina

Glen
    $500 25
Knights Templar

Gregg
    $500 30
Almonds

Gregg
    $500 20
Cleveland

Gregg
    $500 10
Zachary's daiquiris

Glen

Scores at the first commercial break (after clue 16):

Gregg Mimi Glen
$2,900 $700 $100

Scores at the end of the Jeopardy! Round:

Gregg Mimi Glen
$5,800 $1,000 $700

Double Jeopardy! Round responses

FEMALE POETS
KEY WORDS
THERE'S SOMETHING ABOUT MARIE ANTOINETTE
MOVIE DEBUTS
HEAVY MACHINERY
BEFORE & AFTER
    $200 2
Emily Dickinson

Gregg
    $200 21
Playboy

Gregg
    $200 16
(Gregg: Who is Thomas Jefferson?)

Benjamin Franklin

Gregg
Triple Stumper
    $200 1
(Gregg: Who is Sally Fields?)

Sally Field

GreggMimi
    $200 10
Compactor

Glen
    $200 3
Round table of contents

Gregg
    $400 14
Maya Angelou

Glen
    $400 22
Mazda

Glen
    $400 17
Louis XVI

Mimi
    $400 5
Dr. Strangelove

Glen
    $400 11
Dredge

Gregg
    $400 4
Garth Brooks Brothers

Mimi
    $600 15
Sylvia Plath

Gregg
    $600 23
Key signature

Gregg
    $600 18
Vienna

Gregg
    $600 6
Tom Jones

Triple Stumper
    $600 28
Grader

Glen
    $600 8
Phone Home Improvement

Glen
    $800 26
Elizabeth Barrett Browning

Triple Stumper
    $800 24
Key grip

Gregg
    $800 19
(Gregg: Who was Josephine?)

Marie Louise

Gregg
Triple Stumper
    $800 7
DeForest Kelley

Gregg
    $800 29
Piledriver

Gregg
    $800 12
Henry James Bond

Mimi
    $1,000 27
(Gregg: Who was Marie Curie?)

Amy Lowell

Gregg
    $4,000 25
(Gregg: What is "The Omega Key?")

"The Key to Rebecca"

Gregg
    $1000 20
Maria Theresa

Mimi
    $1000 9
Frances McDormand

Glen
    $1000 30
Backhoe

Glen
    $1000 13
Jesse James Boswell

Triple Stumper

Scores at the end of the Double Jeopardy! Round:

Gregg Mimi Glen
$4,800 $3,800 $5,300

[wagering suggestions for these scores]

Final Jeopardy! Round responses

U.S. PAPER CURRENCY
(Alex: You're playing for it!)
(Alex: A $100, $50, $20, $10, $5, $2 & $1.)
MimiWhat is 16,621
$3,700
GreggWhat is $186.00
$4,800
GlenWhat is 1,651,111.00
$3,000
$188.00

Final scores:

Gregg Mimi Glen
$0 $100 $2,300
3rd place: $1,000 Shopping Spree courtesy of the Sony Card 2nd place: Zenith 36" Stereo TV & Tivo System & Service New champion: $2,300

Game dynamics:

Coryat scores:

Gregg Mimi Glen
$9,800 $3,800 $5,100
29 R,
5 W
(including 2 DDs)
9 R,
0 W
14 R
(including 1 DD),
3 W

Combined Coryat: $18,700

The J! Archive is created by fans, for fans. The Jeopardy! game show and all elements thereof, including but not limited to copyright and trademark thereto, are the property of Jeopardy Productions, Inc. and are protected under law. This website is not affiliated with, sponsored by, or operated by Jeopardy Productions, Inc. Join the discussion at JBoard.tv.